Statistics for Currencies of Europe on a Map

Click here to take the quiz!

General Stats

  • This quiz has been taken 97 times
  • The average score is 15 of 20

Answers on the Map

Answers color-coded by a green-red scale on the quiz's map according to % correct below.
 

Answer Stats

Answer% Correct
Euro
100%
Pound sterling
98%
Danish krone
91%
Icelandic króna
91%
Norwegian krone
91%
Swedish krona
91%
Czech koruna
89%
Swiss franc
87%
Belarusian ruble
85%
Russian ruble
85%
Polish złoty
78%
Macedonian denar
65%
Serbian dinar
65%
Bosnian mark
56%
Bulgarian lev
56%
Moldovan leu
56%
Romanian leu
56%
Hungarian forint
51%
Albanian lek
44%
Ukrainian hryvnia
33%

Score Distribution

Percentile by Number Answered

Percent of People with Each Score

Your Score History

You have not taken this quiz